Statistics for Deaths by Date and Cause #1

Click here to take the quiz!

General Stats

  • This quiz has been taken 46,053 times
    (10,664 since last reset)
  • The average score is 18 of 26

Answer Stats

Year Where How Person % Correct
33JudaeaCrucifixionJesus
98%
44 BCRomeAssassinationJulius Caesar
95%
1948New DelhiAssassinationMohandas Gandhi
91%
1997ParisCar crashPrincess Diana
90%
30 BCAlexandriaSnake bite?Cleopatra
89%
1914SarajevoAssassinationFranz Ferdinand
86%
1945Northern
Italy
Firing squadBenito Mussolini
84%
1977MemphisDrug
complications
Elvis Presley
82%
1431RouenBurned at the
stake
Joan of Arc
82%
1934FranceRadiationMarie Curie
81%
1991LondonAIDS
complications
Freddie Mercury
76%
1994SeattleSuicideKurt Cobain
71%
1821St. HelenaStomach cancerNapoleon
68%
634MedinaFeverMohammad
67%
1779HawaiiKilled by angry
Hawaiians
Captain Cook
65%
2011LondonAlcoholAmy Winehouse
64%
1955CaliforniaCar crashJames Dean
63%
1996Las VegasMurderTupac Shakur
56%
1962Los AngelesDrug overdoseMarilyn Monroe
55%
1999near Martha's
Vineyard
Plane crashJohn F.
Kennedy Jr.
55%
1804New YorkShot in a duelAlexander
Hamilton
52%
2011AbbottabadGunshotOsama Bin Laden
52%
1973Hong KongUnknownBruce Lee
50%
1941New YorkALS DiseaseLou Gehrig
49%
1994BolognaFormula One
crash
Ayrton Senna
45%
1606LondonJumped from
the gallows
Guy Fawkes
45%

Score Distribution

Percentile by Number Answered

Percent of People with Each Score

Your Score History

You have not taken this quiz since the last reset